01407nam a2200361 i 450000100060000000300080000600500170001400600190003100700150005000800410006502000280010603500220013404000310015605000200018708200120020710000180021924501430023726400420038030000410042233600310046333700330049433800430052758800830057059001620065365000160081565000270083165000170085865500270087570000460090279700180094885600620096699900170102856499FINmELB20241216232840.0m o d | cr cnu||||||||170918s2009 sp o 000 0 spa d a9788497845847q(e-book) a(OCoLC)1105441553 aFINmELBbspaerdacFINmELB 4aB29bB9424 20090 a1002231 aBunge, Mario.10aTratado de filosofía.nvol. II :bsemántica II : interpretación y verdad /cMario Bunge ; traducción, Rafael González del Solar. 1aBarcelona :bEditorial Gedisa,c2009. a1 recurso en línea (240 páginas) atextobtxt2rdacontent/spa acomputadorabc2rdamedia/spa arecurso en líneabcr2rdacarrier/spa aDescripción basada en metadatos suministrados por el editor y otras fuentes. aRecurso electrónico. Santa Fe, Arg.: elibro, 2020. Disponible vía World Wide Web. El acceso puede estar limitado para las bibliotecas afiliadas a elibro. 0aPhilosophy. 0aSemantics (Philosophy) 4aFilosofía. 4aLibros electrónicos.1 aGonzález del Solar, Rafael,etraductor.2 aelibro, Corp.40uhttps://elibro.net/ereader/politecnicointernacional/61125 c56499d56499